000 00652nam a2200241Ia 4500
001 dia_6806
003 CHAP
008 220117s1965 xx 000 0 und d
010 _a177649
040 _cCHAP
090 _aF 191 1965
100 _aJans, Fred C.
_961054
245 _aEl servicio de extensión agrícola examina la planeación de programas /
_c Fred C. Jans
250 _a4a ed.
260 _aMéxico :
_b Centro Regional de Ayuda Técnica,
_c1965
300 _a13 p.
901 _aF 191 1965
902 _aM
905 _a0000001965 MX 0000000000SPA00
942 _c12
942 _c12
999 _c177649
_d177649